[Event "Hoogeveen Amateurs op 25th"]
[Site "Hoogeveen"]
[Date "2022.10.21"]
[Round "6.23"]
[White "Meijeringh, Arjen"]
[Black "Hoogeboom, Boudewijn"]
[Result "0-1"]
[WhiteElo "1349"]
[BlackElo "1578"]
[PlyCount "76"]
[EventDate "2022.10.15"]
[EventType "swiss"]
[EventRounds "7"]
[EventCountry "NED"]
[SourceTitle "CBM 210 Extra"]
[Source "ChessBase"]
[SourceDate "2022.11.30"]
[SourceVersion "1"]
[SourceVersionDate "2022.11.30"]
[SourceQuality "1"]

1. Nf3 g6 2. g3 Bg7 3. d4 d6 4. Bg2 Nf6 5. 0-0 0-0 6. c4 Nbd7 7. Nc3 c6 8. b3 Qc7 9. Qc2 e5 10. dxe5 dxe5 11. Ba3 Re8 12. e4 Nf8 13. Rad1 Bg4 14. h3 Bd7 15. Rfe1 Qc8 16. Kh2 h6 17. Re3 Nh5 18. Red3 Be6 19. Ne2 f5 20. Nd2 Nh7 21. Qc1 N7f6 22. Ng1 g5 23. exf5 Bxf5 24. Re3 g4 25. h4 e4 26. Bb2 Qc7 27. Kh1 Rad8 28. Bxf6 Nxf6 29. Ne2 h5 30. Nc3 Bh6 31. Re2 e3 32. Nf1 Rxd1 33. Nxd1 Ne4 34. Kh2 Qe5 35. Nb2 Nxf2 36. Re1 Qd4 37. Re2 Re6 38. Nxe3 Bxe3 0-1